Lecciones y lecturas de educación
Zapisane w:
| Korporacja: | |
|---|---|
| Format: | Książka |
| Język: | hiszpański |
| Wydane: |
Bogotá
Universidad Pedagógica Nacional
2003
|
| Hasła przedmiotowe: | |
| Etykiety: |
Dodaj etykietę
Nie ma etykietki, Dołącz pierwszą etykiete!
|
MARC
| LEADER | 00000nam a2200000 a 4500 | ||
|---|---|---|---|
| 001 | UCL4502 | ||
| 003 | CL-VaPUC | ||
| 008 | 040116e20030000CK |||||||||||||||||spa|d | ||
| 020 | |a 9588226015 | ||
| 082 | 0 | 4 | |a 370.1 |b UNI |2 21 |
| 110 | 2 | |a Universidad Pedagógica Nacional |e author |9 482032 | |
| 245 | 1 | 0 | |a Lecciones y lecturas de educación |
| 300 | |a 279 p | ||
| 942 | |c BK | ||
| 945 | |d 20040116 00:00:00 |a cmena | ||
| 260 | |a Bogotá |b Universidad Pedagógica Nacional |c 2003 | ||
| 650 | 0 | |a Filosofía de la educación |9 258384 | |
| 650 | 0 | |a Formación profesional de profesores |9 307493 | |
| 650 | 0 | |a Competitividad |9 308495 | |
| 650 | 0 | |a Planificación del currículo |9 269599 | |
| 651 | 0 | |a Colombia |9 256424 | |
| 583 | |a last modification |c 20040116 00:00:00 |k Rodrigo Vera | ||
| 999 | |c 307326 |d 307324 | ||
| 952 | |0 0 |1 0 |4 0 |6 370_100000000000000_UNI_2003 |7 0 |8 A |9 373193 |a BIBEDU |b BIBEDU |d 2019-11-21 |h v.1 |i 3983153 |o 370.1 UNI 2003 |p 3983153 |r 2019-11-21 |w 2019-11-21 |y BK |k EDU | ||
| 952 | |0 0 |1 0 |4 0 |6 370_100000000000000_UNI_2003 |7 0 |8 A |9 373194 |a BIBEDU |b BIBEDU |d 2019-11-21 |h v.2 |i 4080459 |o 370.1 UNI 2003 |p 4080459 |r 2019-11-21 |w 2019-11-21 |y BK |k EDU | ||